| 000 | 00635nam a2200229Ia 4500 | ||
|---|---|---|---|
| 005 | 20260629163254.0 | ||
| 008 | 260629s9999||||xx |||||||||||||| ||und|| | ||
| 020 |
_a9789385152146 _qpbk |
||
| 082 |
_a823.92 _bTRI |
||
| 100 | _aTripathi, Amish | ||
| 245 | 0 | _aRam : scion of Ikshvaku | |
| 250 | _arep. 2018 | ||
| 260 |
_aChennai _bWestland Publications _c2015 |
||
| 300 | _axxi,, 354p. ; 19cm. | ||
| 490 | _aRam Chandra series-1 | ||
| 653 | _aFantasy fiction | ||
| 653 | _aHindu mythology Fiction | ||
| 653 | _aIndic fiction (English) | ||
| 653 | _aRama (Hindu deity) Fiction | ||
| 653 | _aYoung adult fiction | ||
| 942 | _cBK | ||
| 999 |
_c57286 _d57286 |
||